| 000 | 00403nam a22001577a 4500 | ||
|---|---|---|---|
| 003 | PILC | ||
| 005 | 20150903144617.0 | ||
| 008 | 150903b xxu||||| |||| 00| 0 eng d | ||
| 020 | _a0671009427 | ||
| 050 |
_aPZ 7 _b.D491 1996 |
||
| 100 | _aDeveraux, Jude. | ||
| 245 |
_aLegend / _cJude Deveraux. |
||
| 260 |
_aNew York : _bPocket Books, _c1996. |
||
| 300 |
_a374 pages ; _c19 cm. |
||
| 942 |
_2lcc _cBK _kFOR |
||
| 999 |
_c288598 _d288598 |
||